000 01079nab a22002177a 4500
999 _c6075
_d6075
003 OSt
005 20260121180604.0
008 190502c xxu||||| |||| 00| 0 spa d
040 _cPJ
100 _96850
_aChiaradia, Juan Manuel
245 1 0 _aUn marco de interpretación restrictivo :
_bcrítica al caso “Cochran” de la CIDH /
_cJuan Manuel Chiaradia.
260 _aCiudad Autónoma de Buenos Aires :
_bThomson Reuters La Ley,
_c2024.
300 _ap. 64-74
505 _aSumario: I. Introducción.— II. Algunas nociones básicas sobre la garantía de la imparcialidad.— III. Las particularidades del caso “Cochran”.— IV. Críticas al estándar del caso “Cochran”.— V. Conclusiones
505 _t¿Te interesa el texto completo? Solicitalo al correo: koha@justierradelfuego.gov.ar
650 0 _9343
_aDERECHO PENAL
650 0 _92348
_aPROCESO PENAL
650 0 _94474
_aDEBER DE IMPARCIALIDAD
773 0 _02729
_93180
_dBuenos Aires : LexisNexis, 2006-
_tRevista de derecho penal y procesal penal. Nº 2 - Febrero 2024
_z9875920622
942 _2udc
_cANA